01006cam a2200313 a 450000100090000000300040000900500170001300800410003001000170007101500190008802000250010702000220013203500240015404000550017804200080023305000220024108200220026310000250028524500540031025000120036426000600037630000330043649000340046950400640050365000290056765000220059665000260061865000480064416509656OSt20150408114108.0101020s2011 enka b 001 0 eng  a 2010044155 aGBB0B68602bnb a9781408205013 (pbk.) a1408205017 (pbk.) a(OCoLC)ocn678534536 aDLCcDLCdYDXdYDXCPdBWKdNLEdCDXdBWXdTXHdDLC apcc00aLB1060b.B45 201100a418.0019222bBPT1 aBenson, Phil,d1955-10aTeaching and researching autonomy /cPhil Benson. a2nd ed. aHarlow, England ;aNew York. :bLongman/Pearson,c2011. axi, 283 p. :bill. ;c24 cm.0 aApplied linguistics in action aIncludes bibliographical references (p. 249-277) and index. 0aLearning, Psychology of. 0aLearner autonomy. 0aAutonomy (Psychology) 0aLanguage and languagesxStudy and teaching.